Communication between cultures

Uloženo v:
Podrobná bibliografie
Médium: Sách
Jazyk:Undetermined
Vydáno:  Wadsworth Cengage Learning  2017
Témata:
Tagy: Přidat tag
Žádné tagy, Buďte první, kdo otaguje tento záznam!
Thư viện lưu trữ: Trung tâm Thư viện - Trường Đại học Công nghiệp TP. Hồ Chí Minh
LEADER 00476nam a2200133Ia 4500
001 UIH_07119
008 231011s9999 xx 000 0 und d
082 |a  303.482 
245 0 |a  Communication between cultures 
260 |b  Wadsworth Cengage Learning 
260 |c  2017 
650 |a  Intercultural communication; Communication and culture; Truyền thông;  
927 |a Sách 
980 |a Trung tâm Thư viện - Trường Đại học Công nghiệp TP. Hồ Chí Minh